000 00880nmc a2200301 a 4500
003 AR-BaBNM
005 20251128211317.0
008 193120s2002 ||||||||||||||000 | spa||
020 _a84-7432-880-2
040 _cAR-BaBNM
245 1 0 _aLa educación en tiempos de incertidumbre
_blas apuestas de la Pedagogía Social
250 _a1ª ed.
260 _aBarcelona
_bGedisa
_c2002
300 0 _a223 p.
490 0 _aBiblioteca de Educación. Pedagogía social y trabajo social
_vv. 1
504 _aContiene referencias bibliográficas al final de cada capítulo
650 4 _aPEDAGOGIA
650 4 _aCARRERAS
651 4 _aEuropa
651 4 _aEspaña
653 0 _aEDUCACION SUPERIOR
653 0 _aEDUCACION POPULAR
653 0 _aPEDAGOGIA SOCIAL
700 1 _aNúñez, Violeta
_ecoordinador
800 1 _aNúñez, Violeta
942 _cBK
998 _craquel
999 _c19099
_d19099